| 000 | 00563nam a2200181 i 4500 | ||
|---|---|---|---|
| 001 | 150810 | ||
| 003 | ES-MaACL | ||
| 005 | 20230906203716.0 | ||
| 007 | t| | ||
| 008 | 071113q1980 pr ||||1| spa d | ||
| 080 | _a811.134.2'282(7/8) | ||
| 100 | 1 |
_aFonfrías, Ernesto Juan. _951500 |
|
| 245 | 1 | 3 |
_aEl milenario del idioma español y su consagración en el Nuevo Mundo / _cJuan Ernesto Fonfrías. |
| 260 |
_aPuerto Rico : _b[s.n., _cca. 1980] |
||
| 300 |
_a20 p. ; _c22 cm. |
||
| 650 |
_aLengua española- _zAmérica. _914118 |
||
| 852 |
_aES-MaACL _j2120-F-15 |
||
| 999 |
_c150810 _d150810 |
||